000 00638nam a2200217Ia 4500
005 20250508170010.0
008 008 250505s9999 xx 000 0 eng d
020 _a978-1-138-05408-0
037 _aTextBook
040 _aFEDL
_beng
_cFEDL
041 _aeng
_2eng
084 _a371.26, CRA/R
_qFEDL
100 _aCramp Andy
_9782656
245 0 _aDoing theory on education: Using popular culture to explore key debates
260 _aLondon, UK
_bRoutledge
_c2019
300 _aix, 230p.
365 _aGBP
_b26.99
700 _a McDougall Julian
_9782657
942 _cTB
_h371.26, CRA/R
999 _c1398608
_d1398608